Polítiques esportives municipals a la província de Barcelona / Joan Carles Burriel i Paloma
Descripción Física:
182 p. : amb gràfiques ; 24 cm
Colección:
Temes d'esports ; 2
MARC
| LEADER | 00000nam a2200000Ia 4500 | ||
|---|---|---|---|
| 001 | 9627 | ||
| 008 | 160829s1990 xx 000 0 cat d | ||
| 080 | |a P-1-14 | ||
| 100 | |a Burriel i Paloma, Joan Carles |9 23822 | ||
| 245 | |a Polítiques esportives municipals a la província de Barcelona / Joan Carles Burriel i Paloma | ||
| 260 | |a Barcelona : |b Diputació de Barcelona. Servei d'Esports, |c 1990 | ||
| 300 | |a 182 p. : |b amb gràfiques ; |c 24 cm | ||
| 490 | |a Temes d'esports ; 2 | ||
| 650 | |a Esports |x Organització i administració |x Barcelona (Província) |9 23823 | ||
| 650 | |a Política esportiva |9 23824 | ||
| 710 | 1 | |a Barcelona (Catalunya : Província). |b Servei d'Esports |9 53772 | |
| 901 | |a Arxiu | ||
| 942 | |n 1 | ||
| 952 | |0 0 |1 0 |4 0 |6 P114 |7 1 |9 42871 |a Arxiu |b Arxiu |d 2016-12-01 |l 0 |o P-1-14 |p 9627 |r 2016-12-01 00:00:00 |w 2016-12-01 |y ARXIU | ||
| 999 | |c 45377 |d 45377 | ||